| 000 | 01261cab a22002295a 4500 | ||
|---|---|---|---|
| 001 | L142661 | ||
| 008 | 080227e20080223xxk f 000 0 eng d | ||
| 035 | _a(Sirsi) u142661 | ||
| 041 | 0 | _aeng | |
| 100 | 1 | _aDixon, Tim | |
| 245 | 0 | 0 | _aIt's payback time |
| 260 | _c2008 | ||
| 490 |
_aEstates Gazette _v(0807) 23 February 2008, 132-134(3) |
||
| 520 | _aConsiders the likelihood of the government's Energy Performance Certificate (EPC) scheme achieving its reduction targets. Focuses on the issue of payback periods. Questions why RICS-sponsored research is at odds with government and housing association views on the amount of time required for homeowners to recoup any outlay. Notes a number of different methods of calculation, including the RICS' failure to apply the 5% VAT rate to all energy efficient installations. Notes that this may be the correct view to take. Also notes that savings made in fuel bills by homeowners may go to buy more goods, in turn raising emissions. | ||
| 590 | _aKA | ||
| 650 | 2 | 4 | _aRESIDENTIAL ENERGY PERFORMANCE CERTIFICATES |
| 650 | 2 | 4 | _aHOME INFORMATION PACKS |
| 651 | 4 |
_aUnited Kingdom _y |
|
| 690 | _aENVIRONMENTAL AND LAND CONSULTANCY-ENERGY-ENERGY USE-ENERGY EFFICIENCY | ||
| 700 | 1 | _aGupta, Rajat | |
| 942 | _n0 | ||
| 999 |
_c79901 _d79901 |
||